<?xml version="1.0" encoding="UTF-8"?><?xml-stylesheet type="text/xsl" href="static/style.xsl"?><OAI-PMH xmlns="http://www.openarchives.org/OAI/2.0/" xmlns:xsi="http://www.w3.org/2001/XMLSchema-instance" xsi:schemaLocation="http://www.openarchives.org/OAI/2.0/ http://www.openarchives.org/OAI/2.0/OAI-PMH.xsd"><responseDate>2026-04-29T13:47:27Z</responseDate><request verb="GetRecord" identifier="oai:riubu.ubu.es:10259/11334" metadataPrefix="marc">https://riubu.ubu.es/oai/request</request><GetRecord><record><header><identifier>oai:riubu.ubu.es:10259/11334</identifier><datestamp>2026-02-07T01:05:23Z</datestamp><setSpec>com_10259_4363</setSpec><setSpec>com_10259_5086</setSpec><setSpec>com_10259_2604</setSpec><setSpec>col_10259_4364</setSpec></header><metadata><record xmlns="http://www.loc.gov/MARC21/slim" xmlns:doc="http://www.lyncode.com/xoai" xmlns:xsi="http://www.w3.org/2001/XMLSchema-instance" xmlns:dcterms="http://purl.org/dc/terms/" xsi:schemaLocation="http://www.loc.gov/MARC21/slim http://www.loc.gov/standards/marcxml/schema/MARC21slim.xsd">
<leader>00925njm 22002777a 4500</leader>
<datafield tag="042" ind1=" " ind2=" ">
<subfield code="a">dc</subfield>
</datafield>
<datafield tag="720" ind1=" " ind2=" ">
<subfield code="a">Sanz Villafruela, Juan</subfield>
<subfield code="e">author</subfield>
</datafield>
<datafield tag="720" ind1=" " ind2=" ">
<subfield code="a">Martínez Alonso, Carmen</subfield>
<subfield code="e">author</subfield>
</datafield>
<datafield tag="720" ind1=" " ind2=" ">
<subfield code="a">Echevarría Poza, Igor</subfield>
<subfield code="e">author</subfield>
</datafield>
<datafield tag="720" ind1=" " ind2=" ">
<subfield code="a">Vaquero Gutiérrez, Mónica</subfield>
<subfield code="e">author</subfield>
</datafield>
<datafield tag="720" ind1=" " ind2=" ">
<subfield code="a">Carbayo Martín, Mª Aránzazu</subfield>
<subfield code="e">author</subfield>
</datafield>
<datafield tag="720" ind1=" " ind2=" ">
<subfield code="a">Fidalgo Zorrilla, Jairo</subfield>
<subfield code="e">author</subfield>
</datafield>
<datafield tag="720" ind1=" " ind2=" ">
<subfield code="a">Rodríguez, Ana M.</subfield>
<subfield code="e">author</subfield>
</datafield>
<datafield tag="720" ind1=" " ind2=" ">
<subfield code="a">Cuevas Vicario, José Vicente</subfield>
<subfield code="e">author</subfield>
</datafield>
<datafield tag="720" ind1=" " ind2=" ">
<subfield code="a">Lima, João C.</subfield>
<subfield code="e">author</subfield>
</datafield>
<datafield tag="720" ind1=" " ind2=" ">
<subfield code="a">Moro, Artur J.</subfield>
<subfield code="e">author</subfield>
</datafield>
<datafield tag="720" ind1=" " ind2=" ">
<subfield code="a">Manzano Manrique, Blanca Rosa</subfield>
<subfield code="e">author</subfield>
</datafield>
<datafield tag="720" ind1=" " ind2=" ">
<subfield code="a">Jalón Sotés, Félix Ángel</subfield>
<subfield code="e">author</subfield>
</datafield>
<datafield tag="720" ind1=" " ind2=" ">
<subfield code="a">Espino Ordóñez, Gustavo</subfield>
<subfield code="e">author</subfield>
</datafield>
<datafield tag="260" ind1=" " ind2=" ">
<subfield code="c">2021</subfield>
</datafield>
<datafield tag="520" ind1=" " ind2=" ">
<subfield code="a">Current societies demand sustainable synthetic procedures and accordingly the combination of two photocatalytic reactions in a one-pot process is a very appealing chemical tool. In the present work, we report on the development of new Ir(III) bis-cyclometallated photosensitizers with β-carboline ligands and disclose a simple and unprecedented photocatalytic one-pot two-step protocol for the chemoselective and C-3 regioselective oxidative thiocyanation of indolines to produce the corresponding 3-thiocyanato-indoles. The procedure is performed in THF at room temperature, in the presence of NH4SCN, O2 and the Ir(III) photocatalysts under blue light exposure. Moreover, this methodology combines important advantages such as an outstanding efficiency, based on good yields for low catalyst loadings, along with an excellent sustainability founded on the use of O2 as a green oxidant and light as the energy source. In addition, DFT studies have allowed a clear interpretation of the photophysical and electrochemical properties of the Ir(III) complexes and transient absorption experiments, along with other experimental proof, have demonstrated that the two photocatalytic processes are mediated by 1O2. Our results pave the way for future developments in the field of photocatalysis using Ir(III) biscyclometallated complexes as photosensitizers.</subfield>
</datafield>
<datafield tag="024" ind2=" " ind1="8">
<subfield code="a">2052-1553</subfield>
</datafield>
<datafield tag="024" ind2=" " ind1="8">
<subfield code="a">https://hdl.handle.net/10259/11334</subfield>
</datafield>
<datafield tag="024" ind2=" " ind1="8">
<subfield code="a">10.1039/d0qi01307b</subfield>
</datafield>
<datafield tag="024" ind2=" " ind1="8">
<subfield code="a">2052-1553</subfield>
</datafield>
<datafield ind1=" " ind2=" " tag="653">
<subfield code="a">Photocatalysis</subfield>
</datafield>
<datafield ind1=" " ind2=" " tag="653">
<subfield code="a">Singlet oxygen</subfield>
</datafield>
<datafield ind1=" " ind2=" " tag="653">
<subfield code="a">Iridium(III) photocatalysts</subfield>
</datafield>
<datafield ind1=" " ind2=" " tag="653">
<subfield code="a">Thiocyanation of indoles</subfield>
</datafield>
<datafield ind1=" " ind2=" " tag="653">
<subfield code="a">Photooxidative dehydrogenation of indolines</subfield>
</datafield>
<datafield ind1=" " ind2=" " tag="653">
<subfield code="a">β-carbolines</subfield>
</datafield>
<datafield tag="245" ind1="0" ind2="0">
<subfield code="a">One-pot photocatalytic transformation of indolines into 3-thiocyanate indoles with new Ir(iii) photosensitizers bearing β-carbolines</subfield>
</datafield>
</record></metadata></record></GetRecord></OAI-PMH>